000 00370nam a2200169Ia 4500
003 0100
008 130303s9999 xx 000 0 und d
040 _cARRUPELIB
050 _aPL3277.E1L51956
100 _aYutang, Lin (ed)
245 4 _aThe Wisdom of China
260 _aLondon
260 _bMichael Joseph LTD
260 _C1956
300 _a516p
942 0 0 _01
999 _c51749
_d51749